000 02289nam a2200301 a 4500
001 77917
003 BD-RjUL
005 20211209083050.0
008 210210s2010 bg a|||| m||| 00| 0 ben d
035 _a(BD-RjUL)78143
040 _aBD-RjUL
_bben /eng
_cBD-RjUL
_dBD-RjUL
041 _aben
082 _a303.44095492
_bHOR 2010
_223
100 _aহোসেন, মো. আরাফাৎ
_9244690
245 1 0 _aরংপুর জেলার আর্থ-সামাজিক ও রাজনৈতিক বিবর্তন :
_bএকটি ঐতিহাসিক পর্যালোচনা (১৯৪৭-২০০০খ্রি.) /
_cমো. আরাফাৎ হোসেন ;
_6সুপারভাইজার : মো. শামসুজ্জোহা এছামী
260 _aরাজশাহী :
_bইসলামের ইতিহাস ও সংস্কৃতি বিভাগ, রাজশাহী বশ্ববিদ্যালয়,
_c২০১০
300 _avi, ২৪৮ পাতা :
_bচিএ ;
_c২৯ সেমি.
502 _aথিসিস (এম. ফিল.) -- ইসলামের ইতিহাস ও সংস্কৃতি বিভাগ, রাজশাহী বশ্ববিদ্যালয়, ২০১০
504 _aগ্রন্থপঞ্জি : পাতা [২৪৩]-২৪৮
651 _aবাংলাদেশ
_zরংপুর জেলা
_xসামাজিক অবস্থা.
_y১৯৪৭-২০০০ খ্রি.
_9244765
651 _aBangladesh
_zRangpur District
_xSocial conditions
_y1947-2000 A. D.
_9244766
651 _aবাংলাদেশ
_zরংপুর জেলা
_xঅর্থনৈতিক অবস্থা.
_y১৯৪৭-২০০০খ্রি.
_9244767
651 _aBangladesh
_zRangpur District
_xEconomic conditions
_y1947-2000 A. D.
_9244768
651 _aবাংলাদেশ
_zরংপুর জেলা
_xরাজনীতি এবং সরকার
_y১৯৪৭-২০০০খ্রি.
_9244769
651 _aBangladesh
_zRangpur District
_xPolitics and government.
_y1947-2000 A. D.
_9244770
700 _aএছামী, মো. শামসুজ্জোহা, সুপারভাইজার
_9113664
942 _2ddc
_cTHE
999 _c77917
_d77917